00000000nam 2200000zi 4500
0019.953210
003CaOODSP
00520250822085517
006m     o  d f      
007cr |n|||||||||
008250715e202508  oncd    ob   f000 0 fre d
020 |a9780660781464
040 |aCaOODSP|bfre|erda|cCaOODSP
043 |an-cn---
0861 |aFs70-7/2025-023F-PDF
24500|aMise à jour de l'état des stocks de hareng de l'atlantique des divisions 3KLPS de l'OPANO (Clupea harengus) jusqu'en 2024.
264 1|aOttawa : |bSecrétariat canadien de consultation scientifique, |caoût 2025.
264 4|c©2025
300 |a1 ressource en ligne (15 pages) : |bgraphiques.
336 |atexte|btxt|2rdacontent/fre
337 |ainformatique|bc|2rdamedia/fre
338 |aressource en ligne|bcr|2rdacarrier/fre
4901 |aRéponse des sciences, |x1919-3815 ; |v2025/023
500 |aPublié aussi en anglais sous le titre : Update of NAFO division 3KLPs Atlantic herring (Clupea harengus) to 2024.
500 |aTitre de départ.
504 |aComprend des références bibliographiques (page 14).
650 6|aHareng|zTerre-Neuve-et-Labrador|zAtlantique, Côte de l'.
650 6|aHareng|xPêche commerciale|zTerre-Neuve-et-Labrador|zAtlantique, Côte de l'.
650 6|aRessources halieutiques|xÉvaluation|zTerre-Neuve-et-Labrador|zAtlantique, Côte de l'.
7101 |aCanada. |bMinistère des pêches et des océans. |bRégion de Terre-Neuve et du Labrador, |eorganisme de publication.
7102 |aSecrétariat canadien de consultation scientifique, |eorganisme de publication.
77508|tUpdate of NAFO division 3KLPs Atlantic herring (Clupea harengus) to 2024.|w(CaOODSP)9.953208
830#0|aRéponse des sciences (Secrétariat canadien de consultation scientifique)|v2025/023.|w(CaOODSP)9.502630
85640|qPDF|s2.16 Mo|uhttps://publications.gc.ca/collections/collection_2025/mpo-dfo/fs70-7/Fs70-7-2025-023-fra.pdf